000 01493nam a2200337 i 4500
999 _c65518
_d65518
001 768714001
003 CO-MdFUSB
005 20200519205044.0
007 ta
008 200325t2000 mau |||| |||| 00| 0 eng d
020 _a9781565630956
040 _aCO-MdFUSB
_bspa
_cCO-MdFUSB
_dCO-MdFUSBC
_erda
041 _aeng
082 _223
_a270.10922
_bC194
100 _aCampenhausen, Hans von.
_eautor
245 4 _aThe Fathers of the Church
_c/ Hans von Campenhausen
264 1 _aMassachusetts :
_bHendrickson Publishers,
_c[2000]
264 4 _c© 2000
300 _a328 páginas
_c; 24 cm
336 _2rdacontent
_atexto
_btxt
337 _2rdamedia
_asin mediación
_bn
338 _2rdacarrier
_avolumen
_bnc
500 _aColección Dawn Christina Harrell
505 _aLos padres de la Iglesia griega. -- Patrística y los padres de la iglesia. -- Justino. -- Ireneo. -- Clemente de Alejandría. -- Orígenes - Eusebio de Cesarea. -- Atanasio. -- Basilio el Grande. -- Gregorio de Nazianzus. -- Gregorio de Nisa. -- Sinesio de Cirene. -- Juan Crisóstomo. -- Cirilo de Alejandría. -- El fin de la era de los padres griegos. -- Los padres de la Iglesia latina - Los padres de la iglesia latina y los griegos. -- Tertuliano. -- Cipriano. -- Lactantius. -- Ambrosio. -- Jerónimo. -- Agustín. -- Boecio.
563 _aRùstico
650 0 _91238
_aBiografías cristianas
650 7 _959
_aPadres de la Iglesia
942 _cBK
945 _aJTF-925